000 02174nam a22002657a 4500
999 _c21736
_d21736
003 AR-CdUCM
008 190425b ||||| |||| 00| 0 spa d
040 _aMUNICIPALIDAD PROVINCIAL DEL CUSCO
_cBIBLIOTECA MUNICIPAL DEL CUSCO
082 _aRev.Univ/N°79/1940
_bRev.Univ/N°79/1940
110 _aUniversidad Nacional de San Antonio Abad del Cusco
_915942
245 _aRevista Universitaria :
_bÓrgano de la Universidad del Cuzco /
260 _aCusco :
_bH. G. Rozas,
_c1940.
300 _a218 páginas. :
_c20 cm.
440 _aRevista Universitaria
_nAño XXIX, 2° semestre 1940, N°79
_945919
505 _aContenido: Saludemos a Arequipa. David Chaparro. -- Acta de fundación de Villa Hermosa en el Valle de Arequipa. -- Dos escritoras arequipeñas. Alfredo Yépez miranda. -- Formaciones vegetales del departamento de Arequipa. Cesar Vargas. -- La muerte de la emoción. Alfredo Yépez miranda. -- El tesoro del poeta. Alfredo Yépez miranda. -- Las nevadas en Arequipa. Antonio Lorena. -- La influencia clásica en Melgar. Eulogio Tapia Olarte. -- Don Juan Manuel Polar. José Gabriel Cosío. -- Un capítulo de los Comentarios Reales de los Incas del Inca Garcilaso de la Vega. El Inca Mayta Kcapac y la fundación incaica de Arequipa. -- La muerte de Salaverry en Arequipa. Julián Santisteban Ochoa. -- A Arequipa. Luis Felipe Paredes. -- La caverna de la nacionalidad. José Uriel García. -- Melgar poema. Abraham Vizcarra Rozas. -- Saludo a Arequipa desde el Salccantay. Miguel Ángel Delgado Vivanco . -- Don Felipe Waman Puma. Víctor Navarro del Águila. -- Bolívar en la capital de los incas. Jorge Cornejo Bouroncle. -- El tratado de Paucarpata. Miguel Ángel Nieto. -- La educación en la República. José G. Callo. -- Personal docente y administrativo de la Universidad 1940.
650 _aSimón Bolívar
_91694
650 _aFelipe Guamán Poma de Ayala
_945889
650 _aArequipa
_91703
700 _aYépez Miranda, Alfredo
_94230
700 _aCosío, José Gabriel
_911720
700 _aCornejo Bouroncle, Jorge
_915278
710 _aUniversidad Nacional de San Antonio Abad del Cusco
_915942
942 _2ddc
_cPP
945 _arac